000 00573nam a22001817a 4500
999 _c16704
_d16704
003 AR-CdUCM
008 190504b ||||| |||| 00| 0 spa d
040 _aMUNICIPALIDAD PROVINCIAL DEL CUSCO
_cBIBLIOTECA MUNICIPAL DEL CUSCO
082 _a343.603 /
_bS21
100 _aSánchez Ramirez, Fortunato.
_936298
245 _aDiccionario :
_bAdministración publica y Derecho administrativo /
260 _aLima :
300 _a411-790 páginas ;
_c21 cm.
505 _aContenido : j a-z.
650 _aDiccionario.
_95196
942 _2ddc
_cLIBROS
945 _arum
_d2019-05-04